000 00344 a2200157 4500
001 74169
020 _a
040 _cAnchieta - Colégio São Paulo
100 _aOlho da História
240 1 0 _aO olho da história
_lpor
245 1 0 _aO olho da história
300 _a199
362 0 _a1996
650 4 _aHistória do mundo
942 _cBK
999 _c74169
_d74169